000 00342 a2200157 4500
001 164478
020 _a
040 _cMagnum
100 _aCarr, Stella
240 1 0 _aO fantastico homem do metro
_lpor
245 1 0 _aO fantastico homem do metro
362 0 _a1899
440 1 _aModerna
697 _aJ/SOCIEDADE, COTIDIANO
942 _cBK
999 _c164478
_d164478